| 000 | | | 04338cmc2a2200000 x 450 |
| 001 | | | 07367bde-c73a-4fc4-a06b-58164d495d25 |
| 005 | | | 20170523121811.0 |
| 100 | ## | $a | 20131009l18791879k y0rusy0189 ca |
| 101 | 0# | $a | ger |
| 102 | ## | $a | AT |
| 225 | 0# | $a | Фонд Планы и чертежи гражданской архитектуры (коллекция) |
| | $h | Опись № 5 |
| | $i | 1810-1909 гг. |
| 300 | ## | $a | Печатный текст |
| 300 | ## | $a | На немецком языке |
| 324 | ## | $a | Графика |
| 801 | #0 | $a | RU |
| | $b | РГИА |
| | $c | 20131009 |
| 801 | #1 | $a | RU |
| | $b | ГлавНИВЦ |
| | $c | 20131009 |
| | $2 | rusmarc |
| 801 | #2 | $a | RU |
| | $b | ПБ им. Б.Н. Ельцина |
| | $c | 20131010 |
| | $g | RCR |
| | $2 | rusmarc |
| 850 | ## | $a | Федеральное казенное учреждение "Российский государственный исторический архив" (РГИА) |
| 852 | ## | $a | РГИА |
| | $j | 80 |
| 937 | ## | $a | ASBIBLIO_SCAN |
| | $b | РГИА_1488:_5:_80: |
| | $d | 2047142 |
| | $h | РГИА |
| 200 | 1# | $a | Общая строительная газета с иллюстрациями |
| | $e | основана профессором Людвигом Фёрстером, издательство Р. ф. Вальдхайма. Вена. Выпуск 44 |
| | $j | 1879 |
| 215 | ## | $a | 59 листов |
| 035 | ## | $a | 07367bde-c73a-4fc4-a06b-58164d495d25 |
| 122 | 0# | $a | d1879###### |
| 251 | ## | $c | Дело |
| 461 | #0 | $1 | 0017de747d8-0bd1-4ece-96d5-295c99cc9c03 |
| | $1 | 2001 |
| | $a | Планы и чертежи гражданской архитектуры (коллекция) |
| | $1 | 251 |
| | $c | Фонд |
| | $1 | 852 |
| | $j | 1488 |
| 462 | #0 | $1 | 0015057740e-ee45-446d-a798-daaf3a9f589f |
| | $1 | 2001 |
| | $a | 1810-1909 гг. |
| | $v | Д. 80 |
| | $1 | 251 |
| | $c | Опись |
| | $1 | 852 |
| | $j | 5 |
| 605 | ## | $2 | acquisition_Prlib |
| | $3 | LIBNET\UAF\0000066873 |
| | $a | Россия – Австрия: из истории взаимоотношений |
| | $l | коллекция |
| 686 | ## | $2 | rubbk |
| | $a | 85.11я51 |
| | $v | LBC/M |
| 606 | 1# | $2 | nlr_sh |
| | $3 | RU\NLR\AUTH\6657014 |
| | $a | Архитектура |
| | $j | Периодические издания |